000 01140nam0a22002771 4500
001 rc\4029295
005 20250610231455.0
035 _a(NLR Aleph) 007952844
090 _a8350171
_c8350171
100 _a20130415d1953 |||y0rusy50 ca
101 0 _arus
102 _aRU
105 _ay ac |||||
200 1 _aРыболовные траулеры
_eБиблиогр. указатель литературы за 1942-1953 гг.
_fСост. библиографы И.В. Долинова-Звонкова, Н.А. Крыжановская
_gМТ и ТМ СССР. Отраслевая науч.-техн. б-ка судостроения
210 _aЛенинград
_cБ. и.
_d1953
215 _a73 л.
_d29
300 _aТекст на одной стороне листа
300 _aСветокопия
700 1 _aДолинова
_bИ.В.
_4220
701 1 _4220
_7ca
_8rus
_aКрыжановская
_bН. А.
_f1895-
_gНина Алексеевна
_9209295
_3RU\NLR\AUTH\770209349
801 0 _aRU
_bNLR
_gpsbo
801 1 _aRU
_bELAR
_2rusmarc
852 _aNLR
_jС339-420/Д-64
942 _cBOOK
980 _aNB